[Event "Barcelona Sant Marti op-B 16th"]
[Site "Barcelona"]
[Date "2014.07.19"]
[Round "7"]
[White "Castilla Casanova, Victor"]
[Black "Orts Gonzalez, Rafael"]
[Result "1-0"]
[WhiteElo "1754"]
[BlackElo "1700"]
[PlyCount "99"]
[EventDate "2014.07.13"]
[EventType "swiss"]
[EventRounds "9"]
[EventCountry "ESP"]
[SourceTitle "CBM 161 Extra"]
[Source "ChessBase"]
[SourceDate "2014.08.29"]
[SourceVersion "1"]
[SourceVersionDate "2014.08.29"]
[SourceQuality "1"]

1. e4 g6 2. d4 Bg7 3. Nf3 b6 4. Nc3 Bb7 5. Bc4 h6 6. h3 e6 7. e5 Ne7 8. Be3 Nf5 9. Qd3 Bxf3 10. gxf3 Nh4 11. Qe4 c6 12. Rg1 Rf8 13. Bf4 a6 14. Qe3 b5 15. Bd3 b4 16. Na4 Rh8 17. Nc5 Ra7 18. Ne4 Nf5 19. Qd2 a5 20. Be3 Rb7 21. Nc5 Rb6 22. 0-0-0 d6 23. exd6 Nxd6 24. c3 bxc3 25. Qxc3 Nb5 26. Bxb5 Rxb5 27. Qe1 Qd5 28. b3 Nd7 29. Na6 Kd8 30. Nc5 Qxf3 31. a4 Rb8 32. Qxa5+ Ke7 33. Nxd7 Kxd7 34. Rg3 Qf6 35. Bd2 Qxd4 36. Be1 Qxd1+ 37. Kxd1 Kc8 38. Qa6+ Kd7 39. Qa7+ Kd6 40. Qxf7 Bd4 41. Rd3 c5 42. f3 Rhf8 43. Qxg6 Ke5 44. Bg3+ Rf4 45. Bxf4+ Kxf4 46. Qxh6+ Kg3 47. f4+ Kg2 48. Qxe6 Rb4 49. Kc2 c4 50. Qe2+ 1-0